000 00719nam a2200241Ia 4500
003 OSt
005 20220926034837.0
006 a|||||r|||| 00| 0
007 ta
008 220923b |||||||| |||| 00| 0 eng d
037 _cGeneral Book
040 _aRTL
_cRTL
_beng
041 _2eng
_aeng
082 _aXM8:9.1.P, P1
100 _aMendenhall Mark E and Others Ed.
_9341280
245 0 _aDeveloping global business leaders
_b Policies, proc
260 _aWestport
_bQuorum Books
_c2001
300 _aix, 320p
_ccm.
500 _aBibliography: P 273-306
650 _aMultinational
942 _hXM8:9.1.P, P1
_cGB
_2CC
999 _c660527
_d660527